000 01184cam a22002898a 4500
005 20081021150543.0
008 081021s2008 ii b 001 0 eng
010 _aENG-91944
020 _a9788178298597
_c695.00
035 _aEN-75477
037 _bDBAD / PUB
040 _adpl
_bEnglish
082 _a363.34929
245 _aDroughts and integrated water resource management in South Asia :
_bissues, alternatives, and futures /
_cedited by Jasveen Jairath [and] Vishwa Ballabh.
260 _aNew Delhi ;
_bSAGE Publications
_c2008
300 _axx, 356p.
_c22cm (Hb)
490 _aWater in South Asia / edited by Peter P. Molinga; vol. 2
500 _aIncludes index.
650 _aDroughts
_zSouth Asia.
650 _aDroughts
_xSocial aspects
_zSouth Asia.
650 _aDroughts
_xGovernment policy
_zSouth Asia.
650 _aWater-supply
_xManagement
_zSouth Asia.
700 _aJairath, Jasveen.
700 _aBallabh, Vishwa,
942 _2ddc
_cEN
_h363.34929
_mDRO
999 _c19357
_d19357